000 01221cam a2200361 a 4500
999 _c1305
_d1305
001 13969662
003 OSt
005 20180910172614.0
008 040424s2003 ii b 100 0 eng
010 _a 2004327580
020 _a8172147775
025 _aI-E-2004-327580; 13
035 _a(DLC) 2004327580
037 _bLibrary of Congress -- New Delhi Overseas Office
_cs150.00
040 _aDLC
_cDLC
042 _alcode
043 _aa-ii---
050 0 0 _aBT83.57
_b.P76 2003
082 _a270.09
_bS7865P
245 0 0 _aProphetic dialogue, challenges and prospects in India /
_cedited by L. Stanislaus, Alwyn D'Souza.
260 _aNew Delhi :
_bIshvani Kendra/ISPCK,
_c2003.
300 _axviii, 178 p. ;
_c23 cm.
504 _aIncludes bibliographical references.
520 _aContributed articles presented at a seminar.
650 0 _aLiberation theology
_zIndia
_vCongresses.
650 0 _aDialogue
_xReligious aspects
_xChristianity
_vCongresses.
650 0 _aCommunication
_xReligious aspects
_xChristianity
_vCongresses.
700 1 _aStanislaus, L.
700 1 _aD'Souza, Alwyn.
906 _a7
_bcbc
_corigode
_d3
_encip
_f20
_gy-gencatlg
942 _2ddc
_cBK